000 00540nmm a22001937a 4500
005 20160520082528.0
008 150618b xxu||||| |||| 00| 0 spa d
041 _aspa
082 _aDE 84
100 _aVolio Mora, Ariana
_99859
245 _aInforme de práctica supervisada realizado en Van Ru International
260 _c2015
650 _aCOSTA RICA
_99868
650 _aADMINISTRACIÓN DE EMPRESAS
_9521
650 _aENTRENAMIENTO
_99869
650 _aSERVICIO AL CLIENTE
_91558
650 _aRECURSOS HUMANOS
_99870
942 _cIP
999 _c8089
_d8089